Представление документа в формате RUSMARC

ПолеНазваниеЗначение
  Тип записи a
  Библиографический уровень m
001 Контрольный номер 7104acb9-afcc-46b6-8dc9-99ca71b1d745
005 Дата корректировки 20140820192403.3
100 Данные общей обработки __
a Данные общей обработки 20140320 |||y0 y0189 ca
101 Язык документа __
a Язык текста rus
105 Кодированные данные (монография) __
a Кодированные данные (монография) zy
200 Заглавие и сведения об ответственности 0_
a Заглавие Совершенствование методов мотивации персонала на предприятии [текст]
e Сведения, относящиеся к заглавию Брошюра
210 Выходные данные __
a Место издания Краснодар
c Издательство ККИ
d Дата издания 2013
215 Физическое описание __
a Объем 28 с.
606 Тематические рубрики __
a Основная рубрика Менеджмент
x Основная подрубрика Управление персоналом
675 Индекс УДК __
a Индекс УДК 331.108.2
686 Индексы других классификаций __
a Классификационный индекс 65.050.2
2 Код системы rubbk
700 Автор _1
a Фамилия Беспалько
b Имя В.А.
801 Источник записи _0
a Страна
b Организация ККИ
c Дата составления 20140320
852 Данные о местонахождении __
h Классификационный индекс 337.63
i Авторский знак Б-53
899 Данные о местонахождении __
b Место хранения УчФ
t Номер экземпляра 1
h Классификационная часть РШ 337.63
i Авторский знак Б-53
901 Тип документа __
t Тип документа m
938 Служебная информация __
a Название организации Краснодарский филиал
b Имя БД Методические пособия
c Название АИБС АИБС Библиотека